00901nam a2200229 a 450000100100000000500170001000800410002704000250006808200200009310000330011324500470014626000320019330000210022550000620024665000270030865000310033591000370036604900090040395201180041295201240053099900170065400001255020240530073914.0091113s1998 dr 000 f spa d aDO-SdBNPbspacBNPHU aRD863.44bM516v1 aMejía Avalo, Manolo92925510aViaje sin destino /cManolo Mejía Avalo. aBaní :bMediabyte,c1998. a264 p. ;c21 cm. aIncluye breve biografía del autor en la contra cubierta 0aNovela dominicana9223 0aLiteratura dominicana.967 aValidado. Control de calidad MFF aBNPD 0010718PDaPDbPDcHDd2009-11-13iLF1l0oRD863.44 M516vp12550-10r2020-06-25w2020-06-25yLFPDZNo se presta 0010718PDaPDbPDcHDd2009-11-13iLF1l0oRD863.44 M516vp12550-20r2020-06-25te. 2w2020-06-25yLFPDZNo se presta c12205d12205